| 000 | 00821nam a22002415i 4500 | ||
|---|---|---|---|
| 001 | 11602 | ||
| 003 | ES-MaACL | ||
| 005 | 20230906150133.0 | ||
| 007 | t| | ||
| 008 | 941006s1994 sp ||||0| spa d | ||
| 020 | _a84-604-9110-2 | ||
| 040 |
_aM-BN _bspa _cM-BN |
||
| 080 | _a929.71(038) | ||
| 100 | 1 |
_aMontells y Galán, José María de. _982449 |
|
| 245 | 1 | 0 |
_aDiccionario de órdenes de caballería y corporaciones nobiliarias / _cJosé María de Montells y Galán. |
| 260 |
_aMadrid : _bAcademia de Genealogía, Nobleza y Armas, _c1994. |
||
| 300 |
_a173 p : _bil ; _c23 cm. |
||
| 500 | _aIndice. | ||
| 504 | _aBibliografía: p. 147-154. | ||
| 650 | 1 | 4 |
_aOrdenes militares- _vDiccionarios. _915745 |
| 710 | 2 |
_aAcademia de Genealogía, Nobleza y Armas (Madrid) _91179 |
|
| 852 |
_aES-MaACL _jL-18986 _bR.125022 |
||
| 999 |
_c11602 _d11602 |
||